| 000 | 00651nam a2200217 u 4500 | ||
|---|---|---|---|
| 005 | 20240831063736.0 | ||
| 008 | 100524s2005 r 000 0 eng d | ||
| 020 | _a8426359388 | ||
| 035 | _aUPN01000176094 | ||
| 049 | _aI | ||
| 050 | 4 |
_aPZ78 _bS5.6 |
|
| 100 | 1 |
_aSierra i Fabra, Jordi, _d1947- _930256 |
|
| 245 | 1 | 0 |
_aQuerido Rey de España / _cJordi Sierra i Fabra ; il. Javier Zabala. |
| 260 |
_aZaragoza, Esp. : _bEdelvives, _c2005. |
||
| 300 |
_a135 p. : _bil. |
||
| 440 | 0 |
_aAla delta. _pAzul ; _v48 |
|
| 650 | 4 |
_aCuentos infantiles españoles _97725 |
|
| 650 | 4 |
_aLibros y lectura para niños _92290 |
|
| 905 | _aLibro | ||
| 999 |
_c148197 _d148197 |
||